<?xml version="1.0" encoding="UTF-8"?>
<collection xmlns="http://www.loc.gov/MARC21/slim">
 <record>
  <leader>02970nab a2200265 i 4500</leader>
  <controlfield tag="001">misc57261</controlfield>
  <controlfield tag="005">20200911123954.0</controlfield>
  <controlfield tag="008">200911s2020    hu      o     0||   zxx d</controlfield>
  <datafield tag="022" ind1=" " ind2=" ">
   <subfield code="a">1215-5233</subfield>
  </datafield>
  <datafield tag="024" ind1="7" ind2=" ">
   <subfield code="a">10.14232/ISKKULT.2020.7.3</subfield>
   <subfield code="2">doi</subfield>
  </datafield>
  <datafield tag="040" ind1=" " ind2=" ">
   <subfield code="a">SZTE Miscellanea Repozitórium</subfield>
   <subfield code="b">hun</subfield>
  </datafield>
  <datafield tag="041" ind1=" " ind2=" ">
   <subfield code="a">zxx</subfield>
  </datafield>
  <datafield tag="100" ind1="1" ind2=" ">
   <subfield code="a">Pintér Tünde Kornélia</subfield>
  </datafield>
  <datafield tag="245" ind1="1" ind2="0">
   <subfield code="a">Tanulók, szülők és tanárok perspektívái az iskolai zenei nevelés céljáról és feladatáról</subfield>
   <subfield code="h">[elektronikus dokumentum] /</subfield>
   <subfield code="c"> Pintér Tünde Kornélia</subfield>
  </datafield>
  <datafield tag="260" ind1=" " ind2=" ">
   <subfield code="a">Szegedi Tudományegyetem, Bölcsészet- és Társadalomtudományi Kar</subfield>
   <subfield code="b">Szeged</subfield>
   <subfield code="c">2020</subfield>
  </datafield>
  <datafield tag="300" ind1=" " ind2=" ">
   <subfield code="a">3-25</subfield>
  </datafield>
  <datafield tag="490" ind1="0" ind2=" ">
   <subfield code="a">Iskolakultúra</subfield>
   <subfield code="v">30 No. 7</subfield>
  </datafield>
  <datafield tag="520" ind1="3" ind2=" ">
   <subfield code="a">Az elmúlt néhány évtizedben számos negatív visszajelzés számolt be zeneoktatásunk hanyatló állapotáról, amelyek az ének-zene tantárgy alacsony presztízsére és a zenei élmények hiányára hívták fel a figyelmet. Az előzetes kutatások kimutatták, hogy az ének-zene az egyik legkevésbé kedvelt iskolai tantárgy a tanulók körében (Csíkos, 2012; Dohány, 2013; Pintér, 2020a). Jelen kutatás célja, hogy megvizsgálja, hogyan ítélik meg a tanulók, szülők és énektanárok az iskolai zeneoktatás célját és szerepét. A vizsgálat első részében kérdőíves módszer segítségével vizsgáltuk meg a zene- (N = 506) és nem zenetagozatos tanulók (N = 536) és szüleik hangszerjátékát, az otthoni zenei környezet jellegzetességeit, valamint az iskolai zeneoktatás céljáról alkotott nézeteit. A vizsgálat második részében ének-zenét tanító tanárokkal (N = 15) készítettünk interjút az iskolai zeneoktatás céljáról alkotott nézeteikről. Az eredmények azt mutatták, hogy a zenetagozatos tanulók és szüleik családjában magasabb arányban fordultak elő közös zenei tevékenységek, zenei hangszerek, mint a nem zenetagozatos tanulók otthonában. Továbbá a zenetagozatos tanulók és szüleik az ének-zene órákat több aktív zenei tevékenységhez és élményhez társítottak, míg a nem zenetagozatos diákok és szüleik elsősorban a lexikális tudás elsajátítását várták el az énekórák folyamán. Ugyanakkor némely nem zenetagozatos tanuló nemtetszését fejezte ki az ének-zene tanulása kapcsán. A megkérdezett tanárok többsége a zenei élmények és a zenei alapismeretek kialakítását egyaránt fontosnak ítélte, azonban hozzátették, hogy az ének-zene tantárgy alacsony óraszáma alapvetően megnehezíti a kitűzött célok iskolai gyakorlatban történő megvalósítását.</subfield>
  </datafield>
  <datafield tag="650" ind1=" " ind2="4">
   <subfield code="a">Társadalomtudományok</subfield>
  </datafield>
  <datafield tag="650" ind1=" " ind2="4">
   <subfield code="a">Oktatástudomány</subfield>
  </datafield>
  <datafield tag="650" ind1=" " ind2="4">
   <subfield code="a">Általános oktatás (benne képzés, pedagógia, didaktika)</subfield>
  </datafield>
  <datafield tag="650" ind1=" " ind2="4">
   <subfield code="a">Oktatás: rendszerek és intézmények, oktatás és tanulás</subfield>
  </datafield>
  <datafield tag="695" ind1=" " ind2=" ">
   <subfield code="a">Zenei nevelés</subfield>
  </datafield>
  <datafield tag="700" ind1="0" ind2="1">
   <subfield code="a">Csíkos Csaba</subfield>
   <subfield code="e">aut</subfield>
  </datafield>
  <datafield tag="856" ind1="4" ind2="0">
   <subfield code="u">http://misc.bibl.u-szeged.hu/57261/1/iskolakultura_2020_007_003-025.pdf</subfield>
   <subfield code="z">Dokumentum-elérés </subfield>
  </datafield>
 </record>
</collection>
